Handbook of bacteriology : (Record no. 118373)

MARC details
000 -LEADER
fixed length control field 00674nam a2200217I 4500
008 - FIXED-LENGTH DATA ELEMENTS--GENERAL INFORMATION
fixed length control field
049 ## - LOCAL HOLDINGS (OCLC)
Holding library MAIN
090 ## - LOCALLY ASSIGNED LC-TYPE CALL NUMBER (OCLC); LOCAL CALL NUMBER (RLIN)
Classification number (OCLC) (R) ; Classification number, CALL (RLIN) (NR) QR46
Local cutter number (OCLC) ; Book number/undivided call number, CALL (RLIN) BIG
003 - CONTROL NUMBER IDENTIFIER
control field
005 - DATE AND TIME OF LATEST TRANSACTION
control field 20230120204152.0
040 ## - CATALOGING SOURCE
Transcribing agency NUST
100 1# - MAIN ENTRY--PERSONAL NAME
Personal name Bigger, Joseph Warwick.
245 00 - TITLE STATEMENT
Title Handbook of bacteriology :
Remainder of title for students and practitioners of medicine/
Statement of responsibility, etc. Joseph W. Bigger.
250 ## - EDITION STATEMENT
Edition statement 5th ed.
260 ## - PUBLICATION, DISTRIBUTION, ETC.
Place of publication, distribution, etc. London :
Name of publisher, distributor, etc. Baillière, Tindall and Cox,
Date of publication, distribution, etc. 1943.
300 ## - PHYSICAL DESCRIPTION
Extent xvi, 466 p. :
Other physical details ill. ;
Dimensions 20 cm.
650 #0 - SUBJECT ADDED ENTRY--TOPICAL TERM
Topical term or geographic name entry element Medical bacteriology.
700 ## - ADDED ENTRY--PERSONAL NAME
Personal name Stewart, Frederick Stanley,
Relator term editor.
907 ## - LOCAL DATA ELEMENT G, LDG (RLIN)
a .b10357087
b 24-04-15
c 24-04-15
942 ## - ADDED ENTRY ELEMENTS (KOHA)
Koha item type Ordinary Loan Books
Call number prefix QR46
Call number suffix BIG
Holdings
Date last seen Total Checkouts Full call number Barcode Cost, replacement price Price effective from Koha item type Lost status Source of classification or shelving scheme Damaged status Not for loan Collection Withdrawn status Home library Current library Shelving location Date acquired Cost, normal purchase price
01/20/2023   QR46 BIG 92004040215 80.00 01/20/2023 BOOKS   LCC     NFIC   Medical Medical GEN 01/20/2023 80.00